000
00520nam a2200145Ia 4500
008
151213s9999 xx 000 0 und d
100
_a
ুদিলওয়ার হাসান।
245
_a
আদিম সৈকতে।
_c
ুদিলওয়ার হাসান।
260
_a
ঢাকা
_b
কাশবন প্রকাশন।
_c
2000
300
_a
8780 p.
650
_a
Bangla
650
_a
গল্পগ্রন্থ
700
_a
ুদিলওয়ার হাসান।
999
_c
4565
_d
4565